| 000 | 01080nam a2200289 c 4500 | ||
|---|---|---|---|
| 003 | BLK | ||
| 005 | 20250614151237.0 | ||
| 008 | 180411b bul|||||r ||||||| ||bul|| | ||
| 020 | _a9786197581256 | ||
| 040 | _aBLK | ||
| 041 |
_aBUL _cBUL |
||
| 080 |
_aИталианска литература _b821.131.1 _x-31 _z821.131.1-31 |
||
| 100 |
_aДара, Доменико _eпърви автор _9480148 |
||
| 139 |
_aДара, Доменико _bД 23 |
||
| 245 | 1 | 0 |
_aМалинверно _bРоман _cДоменико Дара ; прев. от итал. Ваня Георгиева |
| 260 |
_bЛемур _c2022 _9470405 _aСофия _n9786197581 |
||
| 300 |
_a358 с. _c20 см |
||
| 380 | _aX | ||
| 500 | _aОриг. загл., установено от доп. източник: Malinverno / Domenico Dara | ||
| 700 | 1 |
_aГеоргиева, Ваня _eпрев. от итал. _9342554 |
|
| 852 |
_aЦб _bЦб |
||
| 856 | 4 | _qpdf | |
| 856 | 4 | _qpdf | |
| 942 |
_cKNG _n0 _s1 _023 |
||
| 944 |
_aCR _c2022-08-31 _k30531 _lЦветелина Шанова |
||
| 999 |
_c472134 _d472134 |
||
| 999 | _d472134 | ||